Historia y desarrollo de la cirugía torácica en Chile

Uloženo v:
Podrobná bibliografie
Hlavní autor: Reccius E., Adolfo (Autor)
Médium: Kniha
Jazyk:španělština
Vydáno: Valparaíso Universo 1957
Edice:Biblioteca del Médico
Témata:
Tagy: Přidat tag
Žádné tagy, Buďte první, kdo vytvoří štítek k tomuto záznamu!

MARC

LEADER 00000nam a2200000 a 4500
001 UCU0718
003 CL-VaPUC
008 960329e19570000CL |||||||||||||||||spa|d
082 0 4 |a 617  |b REC  |2 21 
100 0 |a Reccius E., Adolfo  |e author  |9 356097 
245 1 0 |a Historia y desarrollo de la cirugía torácica en Chile 
300 |a 454 p 
942 |c BK 
945 |d 19960329 00:00:00  |a rbrito 
260 |a Valparaíso  |b Universo  |c 1957 
650 0 |a Medicina   |9 258507 
650 7 |a CIRUGIA  |2 CL-VaPUC  |9 352181 
650 7 |a TORAX  |2 CL-VaPUC  |9 344506 
650 0 |a Cáncer  |9 315942 
650 7 |a CIRUGIA CARDIOVASCULAR  |2 CL-VaPUC  |9 356098 
650 7 |a CIRUGIA PULMONAR  |2 CL-VaPUC  |9 356099 
650 0 |a Enfermedades venéreas  |9 338972 
651 7 |a CHILE  |2 CL-VaPUC  |9 356100 
583 |a last modification  |c 20180403 01:22:55  |k Rodrigo Vera 
490 0 |a Biblioteca del Médico 
999 |c 245535  |d 245533 
952 |0 0  |1 0  |4 0  |6 617_000000000000000_REC_1957  |7 0  |8 A  |9 260066  |a BIBCUR  |b BIBCUR  |d 2019-11-19  |i 318479K  |o 617 REC 1957  |p 318479K  |r 2025-04-22  |w 2019-11-19  |y BK  |k BCB